| 000 | 00515nam a22001937a 4500 | ||
|---|---|---|---|
| 003 | LK-CoDNM | ||
| 005 | 20250205151830.0 | ||
| 008 | 250205b |||||||| |||| 00| 0 eng d | ||
| 040 |
_aLK-CoDNM _dLK-CoDNM _eLK-CoDNM |
||
| 041 | _aeng | ||
| 080 |
_a13 _bu13 |
||
| 100 | _aT. L Green | ||
| 245 | _aZoological Technique For Teachers And Senior Students | ||
| 260 |
_aLondon _bAllman And Son LTD |
||
| 650 | _aZoological Technique | ||
| 650 | _aSchool Museum | ||
| 650 | _aVivarium Methods | ||
| 942 | _cBK | ||
| 999 |
_c237848 _d237848 |
||